000 00498nam a2200145 a 4500
008 120416s1968 ||||||||||||||||| || u
050 _aDT 356 Bov
100 _aBovill, E. W
245 1 4 _aThe golden trade of the Moors
250 _a2nd ed.
260 _aLondon
_bCambridge University Press
_c1968
300 _axvi, 293p.
350 _a0.00
995 _D0.00
_FCBU-MAIN LIBRARY (Kitwe)
_H1
_I55.00
_UAVAILABLE
_ZMain Library Open Access Collection
999 _c44776
_d44776